02759nam a2200301 i 4500003000900000005001700009007000300026008004100029020001800070040003000088041000800118082001800126245011700144264004400261300002800305336002700333337003300360338002800393500005000421505103000471505070701501650004002208650006102248650007602309700002102385700002902406700002202435DO-SdBNP20250213073020.0ta221124e2012 dr ||||gr|||| 001 j spa d a9789945488067 aDO-SdBNPbspacBNPHUerda hspa 4axxbF465f222 aEl fondo de iceberg. /cÁngeles de Fierro; Editor, Fernando Berroa, Vicente Arturo Pichardo y Valentín Amaro aSanto Domingo :bTinta de Taller,c2012 a184 páginas ;c23 cm. ardacontentbtexto2txt ardamediabsin mediación2n ardacarrierbvolumen2nc aTaller Literario Narradores de Santo Domingo. aPresntación.tTito Suero Portorreal. /rLa loca del basurero.--rLady Laura Liriano Baldy. /tFélix Cuarenta.--rFernando Berroa. /tEl Atentado.--rDeisy Toussaint. /tLa Carta.--rGladys Almonte. /tEn mi casa no se pierde nada.--rVicente Arturo Pichardo. /tEl escape.--rRaisa Pimentel. /rConfesión.--tHéctor Santana. /rNo habrá más sol el resto del día.--tFragmentos de Muralla.-- De navegar profundo. /rNieves Lidia Emerito Rondón.-- tRicardo Rafael Cabrera Núñez. /rMester Policiales.--rAdalberto Morillo Pichardo. /tLa candidata.--rRodolfo Báez. /tEl regreso.--rFrancis Santana. /tUna noche más en navidad.- Quinta composición.--rKatia San Millán. /tLa mecedorita de madera.--rIván Payano Tejada. /tLa sangre es más espesa que el agua.--rValentín Amaro. /tEl delivery.--rSalvador Pérez Adón. /tCara o cruz.--rCarlos A. MejíatSábado por la noche que promete.--rEmmanuel Peña. /tCostilla.--tInés M. García Pérez.--rLa llegada del silencio.-- rLuz Marina Cortázar. /tUn lunes en la noche.--rNiurca Violeidy Herrera Mejía. /tEl primer novio consentido.--rYuniris Ramírez. /tLos ginecólogos.--rMiguel Ángel Beltré Morillo. /tLa vendetta.--rAracelis Mireles. /tPresagio.---rJesús Alcedo Sánchez Barrientos. /tLa esposa violada.--rIsabel Lora. /tLa del segundo.--rFlérida González Mota. /tAñoranzas en el tiempo.--rPierre Humeau. /tUn diálogo existencial.--rMargarita Rosa Cid Mansur. /tUn día taggediando.--rAlaiska Cuevas. /tFuria y la ronchera.--rMildred Alt. Rodríguez Ortiz.--t¿Se hace o se nace?.--rJosé Alberto Beltrán. /tEl puente.--rLusmerlin Lantigua. /tLa máscara de la muerte. 4aLiteratura zRepública Dominicana 4aAutores en LiteraturaxNarrativazRepública Dominicana 4aArte y LiteraturavNovelaxNarrativaySiglo XXIzRepública Dominicana1 aBerroa, Fernando1 aPichardo, Vicente Arturo1 aAmaro, Valentín